ბათუმის შოთა რუსთაველის სახელმწიფო უნივერსიტეტის ბიბლიოთეკა

აფორიზმები (ბიბ.ჩანაწერი № 43359)

000 -LEADER
fixed length control field 00671nam a2200205Ia 4500
001 - CONTROL NUMBER
control field 10087
003 - CONTROL NUMBER IDENTIFIER
control field GE_BSU
008 - FIXED-LENGTH DATA ELEMENTS--GENERAL INFORMATION
fixed length control field 181216s||||||||xx |||||||||||||| ||und||
040 ## - CATALOGING SOURCE
Transcribing agency GE_BSU
080 ## - UNIVERSAL DECIMAL CLASSIFICATION NUMBER
Universal Decimal Classification number 821.353.1–84
100 ## - MAIN ENTRY--PERSONAL NAME
Personal name რუსთაველი,შოთა
245 ## - TITLE STATEMENT
Title აფორიზმები
245 ## - TITLE STATEMENT
Statement of responsibility, etc. რედ.ალ.ბარამიძე.მხატვ.ლევან ცუცქირიძე
260 ## - PUBLICATION, DISTRIBUTION, ETC.
Place of publication, distribution, etc. თბილისი
260 ## - PUBLICATION, DISTRIBUTION, ETC.
Name of publisher, distributor, etc. ლიტერატურა და ხელოვნება
260 ## - PUBLICATION, DISTRIBUTION, ETC.
Date of publication, distribution, etc. 1966
300 ## - PHYSICAL DESCRIPTION
Extent 156გვ.ილ.17სმ.
653 ## - INDEX TERM--UNCONTROLLED
Uncontrolled term აფორიზმები
942 ## - ADDED ENTRY ELEMENTS (KOHA)
Koha item type წიგნი
ეგზემპლარები
Withdrawn status Lost status Damaged status Not for loan Date acquired Barcode Date last seen Price effective from Koha item type
        2018-12-17 33444 2018-12-17 2018-12-17 წიგნი
        2018-12-17 33445 2018-12-17 2018-12-17 წიგნი